Los derechos de autor y la educación /
El presente artículo trata de brindar al lector información actualizada sobre los aspectos más importantes de la normativa sobre propiedad intelectual y su aplicación en el campo de la educación. Entre los aspectos más importantes, está el énfasis en clarificar los peligros de la piratería y del fot...
Furkejuvvon:
| Váldodahkki: | |
|---|---|
| Materiálatiipa: | Texto |
| Fáttát: | |
| Fáddágilkorat: |
Lasit fáddágilkoriid
Eai fáddágilkorat, Lasit vuosttaš fáddágilkora!
|
MARC
| LEADER | 00000 a a2200000 04500 | ||
|---|---|---|---|
| 001 | 46432 | ||
| 003 | |||
| 040 | |||
| 100 | |a Castro Lobo, Manuel | ||
| 245 | |a Los derechos de autor y la educación / |c Manuel Castro Lobo | ||
| 520 | |a El presente artículo trata de brindar al lector información actualizada sobre los aspectos más importantes de la normativa sobre propiedad intelectual y su aplicación en el campo de la educación. Entre los aspectos más importantes, está el énfasis en clarificar los peligros de la piratería y del fotocopiado de obras, práctica generalizada en universidades e instituciones educativas en todo el mundo. | ||
| 590 | |a RRH/DICIEMBRE2014 | ||
| 650 | |a PROPIEDAD INTELECTUAL | ||
| 650 | |a EDUCACION | ||
| 650 | |a LEYES | ||
| 650 | |a INTERNET | ||
| 650 | |a NORMAS | ||
| 773 | |g volumen24, número1 (2000), páginas 29-46 | ||
| 999 | |c 39693 |d 39693 | ||
